|
|
|
|
| LEADER |
01489nam a2200313 a 4500 |
| 001 |
33359 |
| 003 |
BD-DhAAL |
| 005 |
20250625104939.0 |
| 008 |
180712t1996 nyua 000 0 eng d |
| 020 |
|
|
|a 0936020008
|
| 040 |
|
|
|a NJI
|c NJI
|d UIU
|d NIC
|d BD-DhAAL
|
| 050 |
|
4 |
|a E158
|b .L6 1996
|
| 082 |
0 |
4 |
|a 917.304
|2 21
|
| 100 |
1 |
|
|a Longo, Gianni.
|9 27013
|
| 245 |
1 |
2 |
|a A guide to great American public places :
|b a journey of discovery, learning and delight in the public realm /
|c photographs by Gianni Longo, with a foreword by Deaderick C. Montague and with an afterword by Tony Hiss ; edited by Elizabeth Doberneck.
|
| 260 |
|
|
|a New York, NY. :
|b Urban Initiatives,
|c c1996.
|
| 300 |
|
|
|a xix, 163 pages :
|b illustrations
|c 25 cm.
|
| 500 |
|
|
|a "The writing and publication of this book was sponsored by the Lyndhurst Foundation of Chattanooga, Tennessee" --T.p. verso.
|
| 526 |
|
|
|a ARC
|
| 541 |
|
|
|a Department of Architecture
|e 33359
|
| 651 |
|
0 |
|a United States
|v Guidebooks.
|9 27014
|
| 651 |
|
7 |
|a United States.
|2 fast
|9 27015
|
| 655 |
|
7 |
|a Guidebooks.
|2 fast
|
| 700 |
1 |
|
|a Doberneck, Elizabeth.
|9 27017
|
| 710 |
2 |
|
|a Lyndhurst Foundation (Chattanooga, Tenn.)
|9 27018
|
| 852 |
|
|
|a Department of Architecture
|c General Stacks
|
| 942 |
|
|
|2 ddc
|c BK
|
| 999 |
|
|
|c 39707
|d 39707
|
| 952 |
|
|
|0 0
|1 0
|2 ddc
|4 0
|6 917_304000000000000_LON
|7 0
|9 63734
|a BRACUL
|b BRACUL
|c GEN
|d 2018-07-12
|e Department of Architecture
|l 0
|o 917.304 LON
|p 3010033359
|r 2018-07-12
|t 1
|w 2018-07-12
|y BK
|x Transferred from ARC to BRACUL on 28/12/2023
|